Little Mix Songs in Alphabetical Order - Statistics

General Stats
  • This quiz has been taken 214 times
  • The average score is 36 of 66
Answer Stats
Hint Answer % Correct
DNA DNA
87%
Salute Salute
79%
Glory Days Shoutout To My Ex
77%
Get Weird Black Magic
76%
Salute About The Boy
74%
Glory Days Touch
74%
DNA Wings
73%
Get Weird A.D.I.D.A.S
72%
Salute Boy
72%
DNA Change Your Life
71%
Glory Days Power
70%
Get Weird Weird People
68%
Glory Days No More Sad Songs
67%
Get Weird Secret Love Song
66%
Get Weird Love Me Like You
65%
Get weird Hair
64%
Salute Little Me
64%
Glory Days Beep Beep
63%
Get Weird Love Me Or Leave Me
63%
Glory Days F.U
62%
Get Weird Lightning
62%
DNA How Ya Doin'
61%
Get Weird I Love You
61%
Single Cannonball
60%
Salute Move
60%
Glory Days Oops
60%
DNA Madhouse
58%
Glory Days Nothing Else Matters
58%
Salute Towers
58%
Salute Good Enough
57%
Get Weird Grown
57%
DNA Always Be Together
56%
DNA Red Planet
56%
Salute These Four Walls
56%
Glory Days Freak
55%
Glory Days (Platinum) Dear Lover
54%
Glory Days Nobody Like You
54%
Get Weird The End
54%
Glory Days Your Love
54%
Salute Competition
53%
Single Word Up!
53%
Salute A Different Beat
52%
Glory Days You Gotta Not
52%
Get Weird Clued Up
51%
Glory Days (Platinum) Is Your Love Enough?
50%
DNA Case Closed
49%
Salute Mr Loverboy
49%
Glory Days (Platinum) If I Get My Way
48%
Get Weird The Beginning
48%
Glory Days Down & Dirty
47%
DNA Pretend Its OK
46%
Glory Days Private Show
46%
DNA Going Nowhere
45%
Get Weird OMG
44%
Get Weird I Won't
42%
DNA Love Drunk
42%
DNA Turn Your Face
42%
DNA Stereo Soldier
41%
Salute They Just Don't Know You
41%
Salute Nothing Feels Like You
40%
DNA We Are Who We Are
39%
Salute Stand Down
38%
Salute See Me Now
37%
DNA Make You Believe
35%
Get Weird Secret Love Song Part II
13%
Single Reggaetón Lento (Remix)
10%
No matching quizzes found
Score Distribution
Percent of People with Each Score
Percentile by Number Answered
Your Score History
You have not taken this quiz